000
00340nam a2200145Ia 4500
008
230216s9999 xx 000 0 und d
020
_a
9789325986695
082
_b
SIN-O
100
_a
SINGH KAVITA
245
0
_a
ORGANISATIONAL BEHAVIOURS
250
_a
3RD
260
_a
DJ BOOK DELHI
_b
VIKASH PUBLISHER
300
_a
564
942
_c
BK
999
_c
41556
_d
41556